|
|
|
|
| LEADER |
02370cam a2200397 4500 |
| 001 |
2669932 |
| 003 |
GR-PaULI |
| 005 |
20241108063400.0 |
| 008 |
730712m19731975gw b 100 0 eng |
| 952 |
|
|
|0 0
|1 0
|2 ddc
|3 τ.1
|4 0
|6 Π_Σ_515_900000000000000_INT
|7 0
|8 NFIC
|9 229841
|a LISP
|b LISP
|c REF
|d 2019-02-08
|i 138953
|l 0
|o Π/Σ 515.9 INT
|p 025000043889
|r 2019-02-08 00:00:00
|t 1
|v 2019.00
|w 2019-02-08
|y BK15
|
| 952 |
|
|
|0 0
|1 0
|2 ddc
|3 τ.1
|4 0
|6 Π_Σ_515_900000000000000_INT
|7 0
|8 NFIC
|9 229842
|a LISP
|b LISP
|c REF
|d 2019-02-08
|i 138954
|l 0
|o Π/Σ 515.9 INT
|p 025000043890
|r 2019-02-08 00:00:00
|t 2
|v 2019.00
|w 2019-02-08
|y BK15
|
| 952 |
|
|
|0 0
|1 0
|2 ddc
|3 τ.2
|4 0
|6 Π_Σ_515_900000000000000_INT
|7 0
|8 NFIC
|9 229844
|a LISP
|b LISP
|c REF
|d 2019-02-08
|i 138955
|l 0
|o Π/Σ 515.9 INT
|p 025000043922
|r 2019-02-08 00:00:00
|t 1
|v 2019.00
|w 2019-02-08
|y BK15
|
| 952 |
|
|
|0 0
|1 0
|2 ddc
|3 τ.3
|4 0
|6 Π_Σ_515_900000000000000_INT
|7 0
|8 NFIC
|9 229845
|a LISP
|b LISP
|c REF
|d 2019-02-08
|i 138956
|l 0
|o Π/Σ 515.9 INT
|p 025000043923
|r 2019-02-08 00:00:00
|t 1
|v 2019.00
|w 2019-02-08
|y BK15
|
| 999 |
|
|
|c 139555
|d 139555
|
| 010 |
|
|
|a 73078427
|
| 020 |
|
|
|a 038706219X
|q (τ.1)
|
| 020 |
|
|
|a 354006219X
|q (τ.1)
|
| 020 |
|
|
|a 038706558X
|q (τ.2)
|
| 020 |
|
|
|a 354006558X
|q (τ.2)
|
| 020 |
|
|
|a 3540064834
|q (τ.3)
|
| 020 |
|
|
|a 0387064834
|q (τ.3)
|
| 040 |
|
|
|a DLC
|c GR-PaULI
|d
|b gre
|e AACR2
|
| 082 |
0 |
0 |
|a 515.9
|2 23
|
| 111 |
|
|
|a International Summer School on Modular Functions
|c University of Antwerp)
|d (1972 :
|9 173844
|
| 245 |
1 |
0 |
|a Modular functions of one variable I-IV :
|b proceedings, International Summer School, University of Antwerp, RUCA, July 17-August 3, 1972 /
|c edited by Willem Kuyk.
|
| 260 |
|
|
|a Berlin ;
|a New York :
|b Springer-Verlag,
|c 1973-1975.
|
| 300 |
|
|
|a 4 τ. ;
|c 25 εκ.
|
| 490 |
1 |
|
|a Lecture notes in mathematics
|v 320, 349, 350, 476.
|
| 500 |
|
|
|a τ. 1. - 195 σ. - 1973 -- τ. 2. - 598 σ. - 1973 -- τ. 3. - 350 σ. - 1973 --
|
| 500 |
|
|
|a Τ. 2 edited by P. Deligne and W. Kuyk; τ. 3 by W. Kuyk and J. P. Serre; τ. 4 by B. J. Birch and W. Kuyk.
|
| 504 |
|
|
|a Περιλαμβάνει βιβλιογραφία.
|
| 650 |
|
4 |
|a Συναρτήσεις μιγαδικών μεταβλητών
|9 168399
|
| 700 |
1 |
|
|a Kuyk, Willem
|9 173845
|e επιμελητής.
|
| 830 |
|
0 |
|a Lecture notes in mathematics (Springer-Verlag)
|v 320, 349, 350, 476.
|9 161263
|
| 942 |
|
|
|2 ddc
|c BKN
|
| 998 |
|
|
|c ΜΠΟΥΡΑΣ
|d 2019-01
|